000 00450nam a2200181Ia 4500
008 170203s9999 xx 000 0 und d
020 _a9714206545
050 _a5.1
050 _b.T551p 2006
100 _aTiamson, Juan Alvin B.
245 _aProgramming in C++
245 _cJuan Alvin B. Tiamson.
260 _aPhilippines :
260 _bTrinitas Publishing, Inc.
300 _a285 pages :
300 _c25 cm.
650 _aProgramming.
999 _c305543
_d305543